Statistics for Country Triplets bordering each other but without a tripoint

Click here to take the quiz!

General Stats

  • This quiz has been taken 85 times
  • The average score is 37 of 42

Answer Stats

COUNTRIES % Correct
Russia
96%
Lithuania
94%
Latvia
94%
Germany
94%
Netherlands
93%
Belarus
93%
Belgium
93%
France
93%
Poland
93%
Argentina
91%
Brazil
91%
Ukraine
91%
Bolivia
90%
Azerbaijan
87%
Iran
86%
Armenia
86%
Democratic Republic of the Congo
86%
Turkey
86%
Georgia
86%
Tanzania
84%
Uganda
83%
Rwanda
81%
Mozambique
80%
Zambia
80%
Serbia
60%
Montenegro
59%
Croatia
59%

Score Distribution

Percentile by Number Answered

Percent of People with Each Score

Your Score History

You have not taken this quiz